Language Quiz

Random Language or Letter Quiz

28 Ways Not to Spell 'Tin' Quiz Stats

 Plays Quiz Updated Nov 9, 2017

Challenge
Share
Tweet
Embed
Score 0/28 Timer 01:30
2 Plays Today
% Correct
Bin
98.3%
Sin
98%
Fin
97.6%
Din
97.5%
Gin
97.4%
Tan
97.1%
Ton
96.9%
Pin
96.9%
Win
96.7%
Ten
96.4%
Kin
96%
Tun
95.1%
Lin
94.8%
Hin
94%
% Correct
Rin
93.5%
Jin
92.9%
Zin
92%
Tip
91.6%
Yin
91.5%
Vin
91.4%
Ain
90.9%
Tic
89.6%
Til
87.5%
Tit
87.1%
Tis
86.8%
Tie
85.3%
Tiz
79%
Tix
77.1%

You're not logged in!

Compare scores with friends on all Sporcle quizzes.
Join for Free
OR
Log In

You Might Also Like...

Show Comments

Extras

Top Quizzes Today


Score Distribution

Your Account Isn't Verified!

In order to create a playlist on Sporcle, you need to verify the email address you used during registration. Go to your Sporcle Settings to finish the process.

Report this User

Report this user for behavior that violates our Community Guidelines.

Details: